[Event "Robecchetto op-C 25th"]
[Site "Robecchetto"]
[Date "2014.12.27"]
[Round "3"]
[White "Marchesotti, Giovanni"]
[Black "Beltrami, Iacopo"]
[Result "1/2-1/2"]
[WhiteElo "1475"]
[BlackElo "1642"]
[PlyCount "57"]
[EventDate "2014.12.26"]
[EventType "swiss"]
[EventRounds "6"]
[EventCountry "ITA"]
[SourceTitle "EXT 2024"]
[Source "ChessBase"]
[SourceDate "2023.10.10"]
[SourceVersion "1"]
[SourceVersionDate "2023.10.10"]
[SourceQuality "1"]

1. f4 d5 2. Nf3 g6 3. d4 Bg7 4. e3 Nh6 5. Be2 Nd7 6. 0-0 0-0 7. c3 Nf6 8. Ne5 Nf5 9. g4 Nd6 10. Nd2 Nfe4 11. Nxe4 Nxe4 12. Bf3 Nf6 13. Bd2 Ne8 14. Nd3 c6 15. b3 Nd6 16. Nf2 f5 17. g5 b6 18. Be1 Ba6 19. Be2 Bxe2 20. Qxe2 c5 21. Bd2 cxd4 22. cxd4 Rc8 23. Rfc1 Qd7 24. Bb4 Ne4 25. Nxe4 dxe4 26. Rc4 Rfd8 27. Qc2 e6 28. Rc1 Rxc4 29. Qxc4 1/2-1/2

[Event "Stein am Rhein op 2nd"]
[Site "Stein am Rhein"]
[Date "2014.03.01"]
[Round "2"]
[White "Beltrami, Iacopo"]
[Black "Bounlom, Samyo"]
[Result "0-1"]
[WhiteElo "1661"]
[BlackElo "1856"]
[PlyCount "52"]
[EventDate "2014.02.28"]
[EventType "swiss"]
[EventRounds "5"]
[EventCountry "SUI"]
[SourceTitle "CBM 159 Extra"]
[Source "ChessBase"]
[SourceDate "2014.04.24"]
[SourceVersion "1"]
[SourceVersionDate "2014.04.24"]
[SourceQuality "1"]

1. e4 e6 2. d4 d5 3. Nd2 c5 4. c3 Nc6 5. dxc5 Bxc5 6. Nb3 Bb6 7. exd5 exd5 8. Nf3 Nf6 9. Be2 0-0 10. 0-0 Re8 11. Bg5 Qd6 12. Qc2 Ne4 13. Bd3 Bg4 14. Bh4 Qh6 15. Bg3 Bxf3 16. gxf3 Nxg3 17. hxg3 Qh3 18. g4 Qg3+ 19. Kh1 Qxf3+ 20. Kg1 Qg3+ 21. Kh1 Qh3+ 22. Kg1 Ne5 23. Be2 Nxg4 24. Bxg4 Qxg4+ 25. Kh1 Qh3+ 26. Kg1 Re5 0-1

[Event "Stein am Rhein op 2nd"]
[Site "Stein am Rhein"]
[Date "2014.03.01"]
[Round "3"]
[White "Wegelin, Reinhard"]
[Black "Beltrami, Iacopo"]
[Result "1-0"]
[WhiteElo "1936"]
[BlackElo "1661"]
[PlyCount "61"]
[EventDate "2014.02.28"]
[EventType "swiss"]
[EventRounds "5"]
[EventCountry "SUI"]
[SourceTitle "CBM 159 Extra"]
[Source "ChessBase"]
[SourceDate "2014.04.24"]
[SourceVersion "1"]
[SourceVersionDate "2014.04.24"]
[SourceQuality "1"]

1. d4 d5 2. e4 dxe4 3. Nc3 Nf6 4. f3 exf3 5. Nxf3 e6 6. Bg5 Be7 7. Bd3 c5 8. Qd2 Nc6 9. dxc5 h6 10. Bf4 Bxc5 11. Nb5 Nd5 12. 0-0-0 a6 13. Nc3 Nxf4 14. Qxf4 Qf6 15. Qc4 Bd6 16. Ne4 Qe7 17. Nxd6+ Qxd6 18. Be4 Qc7 19. Ne5 0-0 20. Rhe1 Kh8 21. Bd3 Bd7 22. Bg6 Be8 23. Bd3 Rc8 24. Qc5 Qe7 25. Qxe7 Nxe7 26. Rf1 f5 27. Be4 Nc6 28. Bxc6 bxc6 29. Rd6 Bf7 30. Rfd1 c5 31. Rxa6 1-0

[Event "Stein am Rhein op 2nd"]
[Site "Stein am Rhein"]
[Date "2014.02.28"]
[Round "1"]
[White "Beltrami, Iacopo"]
[Black "Klein, Gernot"]
[Result "0-1"]
[WhiteElo "1661"]
[BlackElo "1961"]
[PlyCount "38"]
[EventDate "2014.02.28"]
[EventType "swiss"]
[EventRounds "5"]
[EventCountry "SUI"]
[SourceTitle "CBM 159 Extra"]
[Source "ChessBase"]
[SourceDate "2014.04.24"]
[SourceVersion "1"]
[SourceVersionDate "2014.04.24"]
[SourceQuality "1"]

1. e4 c5 2. Nf3 e6 3. d4 cxd4 4. Nxd4 a6 5. c4 Nf6 6. Nc3 Bb4 7. f3 Qc7 8. Qb3 Be7 9. Be2 0-0 10. 0-0 Bc5 11. Be3 Nc6 12. Nf5 Na5 13. Qc2 exf5 14. Bxc5 Qxc5+ 15. Kh1 Qc7 16. exf5 d5 17. g4 Nxc4 18. Nxd5 Nxd5 19. Bxc4 Ne3 0-1